[Event "SR 2. liga A 2010/2011"]
[Site "?"]
[Date "2011.03.05"]
[Round "46.7"]
[White "Machalec, Vladimir"]
[Black "Prielozny, Marek"]
[Result "1/2-1/2"]
[WhiteElo "1950"]
[BlackElo "2002"]
[PlyCount "98"]
[EventDate "2010.??.??"]
[WhiteTeam "Slovakia"]
[BlackTeam "Slovakia"]
[WhiteTeamCountry "SVK"]
[BlackTeamCountry "SVK"]

1. c4 Nf6 2. Nc3 c5 3. Nf3 d5 4. cxd5 Nxd5 5. g3 Nc6 6. Bg2 Nc7 7. O-O e5 8. d3
Be7 9. a3 Be6 10. Be3 Nd5 11. Nxd5 Bxd5 12. Rc1 b6 13. Qa4 O-O 14. Nd2 Bxg2 15.
Kxg2 Qd5+ 16. Qe4 Qe6 17. b4 f5 18. Qc4 Qxc4 19. Rxc4 f4 20. gxf4 exf4 21. Bxc5
bxc5 22. bxc5 Na5 23. Ra4 Nc6 24. d4 Rad8 25. e3 Bg5 26. Nf3 Bh6 27. e4 g5 28.
d5 g4 29. Nh4 Bg5 30. Nf5 Rxf5 31. exf5 Rxd5 32. f3 gxf3+ 33. Kxf3 Rxf5 34. Rg1
Kf7 35. h4 Bh6 36. Rc1 Re5 37. Ra6 Re6 38. Kf2 Kf6 39. Re1 Ne5 40. Rxe6+ Kxe6
41. c6 Bg7 42. Re4 Kd6 43. Ra4 Bf6 44. Rxa7 Bxh4+ 45. Kf1 h6 46. Rh7 Bd8 47.
Rxh6+ Kc7 48. Rh5 Nxc6 49. Rf5 Be7 1/2-1/2

[Event "SR 2. liga A 2010/2011"]
[Site "?"]
[Date "2011.03.05"]
[Round "46.8"]
[White "Sustak, Roman"]
[Black "Danada, Ondrej"]
[Result "0-1"]
[WhiteElo "1966"]
[BlackElo "1922"]
[PlyCount "60"]
[EventDate "2010.??.??"]
[WhiteTeam "Slovakia"]
[BlackTeam "Slovakia"]
[WhiteTeamCountry "SVK"]
[BlackTeamCountry "SVK"]

1. Nf3 b6 2. d4 Nf6 3. c4 e6 4. Nc3 Bb4 5. a3 Bxc3+ 6. bxc3 d6 7. Bg5 Nbd7 8.
e3 c5 9. Bd3 h6 10. Bh4 e5 11. Be4 Rb8 12. Bc6 Qc7 13. Bxf6 Qxc6 14. Bxg7 Rh7
15. d5 Qc7 16. Bxh6 Rxh6 17. g4 e4 18. Nd2 Ne5 19. Qc2 Nd3+ 20. Ke2 Bxg4+ 21.
f3 Bh5 22. Nxe4 Ne5 23. Raf1 Qe7 24. h4 Kd8 25. Qa4 Nxf3 26. Ng3 Nh2+ 27. Nxh5
Nxf1 28. Rxf1 Rxh5 29. Rg1 Rh8 30. h5 Qd7 0-1

[Event "SR 2. liga A 2010/2011"]
[Site "?"]
[Date "2011.03.05"]
[Round "47.1"]
[White "Rachela, Milan"]
[Black "Certek, Pavel"]
[Result "1-0"]
[WhiteElo "2395"]
[BlackElo "2250"]
[PlyCount "51"]
[EventDate "2010.??.??"]
[WhiteTeam "Slovakia"]
[BlackTeam "Slovakia"]
[WhiteTeamCountry "SVK"]
[BlackTeamCountry "SVK"]

1. Nf3 c5 2. c4 g6 3. d4 cxd4 4. Nxd4 Bg7 5. Nc3 Nc6 6. Nc2 d6 7. e4 Bxc3+ 8.
bxc3 Nf6 9. f3 Qa5 10. Bd2 Nd7 11. Be2 Nc5 12. O-O Be6 13. Nd4 Rc8 14. Kh1 Qa4
15. Qe1 Bxc4 16. Bh6 Bxe2 17. Qxe2 f6 18. Rad1 Ne5 19. f4 Nf7 20. Qg4 Qd7 21.
Qh4 Nxh6 22. Qxh6 Nxe4 23. f5 Qa4 24. Rde1 Nxc3 25. Rxe7+ Kd8 26. Qg7 1-0

[Event "SR 2. liga A 2010/2011"]
[Site "?"]
[Date "2011.03.05"]
[Round "47.2"]
[White "Tepper, Frantisek"]
[Black "Varga, David"]
[Result "1/2-1/2"]
[WhiteElo "2162"]
[BlackElo "2360"]
[PlyCount "83"]
[EventDate "2010.??.??"]
[WhiteTeam "Slovakia"]
[BlackTeam "Slovakia"]
[WhiteTeamCountry "SVK"]
[BlackTeamCountry "SVK"]

1. e4 e5 2. Nf3 Nf6 3. Nxe5 d6 4. Nf3 Nxe4 5. Qe2 Qe7 6. d3 Nf6 7. Qxe7+ Bxe7
8. Be2 Nc6 9. Bd2 Bg4 10. h3 Bh5 11. Nc3 d5 12. g4 Bg6 13. O-O-O d4 14. Nb5
O-O-O 15. Bf4 Nd5 16. Bg3 Rhe8 17. Bf1 Bc5 18. Nd2 a6 19. Nb3 Bb6 20. Na3 f5
21. Bg2 Ba7 22. Nc4 b5 23. Nca5 Nxa5 24. Nxa5 f4 25. Bh4 Rd6 26. Rhe1 Bb6 27.
Nb3 Rf8 28. Bxd5 Rxd5 29. Re7 Bf7 30. f3 c5 31. Re2 g5 32. Bf2 Kd7 33. Rde1 Re8
34. Rxe8 Bxe8 35. Nd2 Ba5 36. Re2 Bxd2+ 37. Kxd2 Bf7 38. b3 Kd6 39. Re1 Be6 40.
h4 h6 41. hxg5 hxg5 42. a3 1/2-1/2

[Event "SR 2. liga A 2010/2011"]
[Site "?"]
[Date "2011.03.05"]
[Round "47.3"]
[White "Petenyi, Tamas"]
[Black "Fabry, Robert"]
[Result "1-0"]
[WhiteElo "2378"]
[BlackElo "2190"]
[PlyCount "103"]
[EventDate "2010.??.??"]
[WhiteTeam "Slovakia"]
[BlackTeam "Slovakia"]
[WhiteTeamCountry "SVK"]
[BlackTeamCountry "SVK"]

1. e4 e5 2. Nf3 Nc6 3. Bb5 a6 4. Ba4 Nf6 5. O-O Be7 6. Re1 b5 7. Bb3 O-O 8. h3
d5 9. exd5 Nxd5 10. Nxe5 Nxe5 11. Rxe5 c6 12. d3 Bd6 13. Re1 Qf6 14. Nd2 Nf4
15. Ne4 Qg6 16. Bxf4 Bxf4 17. Qf3 Be5 18. c3 Bf5 19. d4 Bc7 20. Re2 Bxe4 21.
Rxe4 Rae8 22. Rae1 Rxe4 23. Rxe4 Qd6 24. g3 Qd7 25. h4 a5 26. a3 b4 27. axb4
axb4 28. h5 bxc3 29. bxc3 Kh8 30. h6 f5 31. hxg7+ Qxg7 32. Rh4 f4 33. Bc2 h6
34. Qxc6 Rf6 35. Qe8+ Rf8 36. Qe6 Rf6 37. Qc8+ Rf8 38. Qh3 Rf6 39. g4 Kg8 40.
Qf3 Qe7 41. Rh5 Qe1+ 42. Kg2 Kg7 43. Rc5 Bd6 44. Rb5 Rf7 45. Rb7 Rxb7 46. Qxb7+
Kf6 47. Qd5 Ke7 48. Bf5 Qe2 49. Qc6 Ba3 50. Qb7+ Kf6 51. Qb6+ Kf7 52. Qb3+ 1-0

[Event "SR 2. liga A 2010/2011"]
[Site "?"]
[Date "2011.03.05"]
[Round "47.4"]
[White "Mikulas, Dusan"]
[Black "Rachela, Jozef"]
[Result "1-0"]
[WhiteElo "2122"]
[BlackElo "2072"]
[PlyCount "89"]
[EventDate "2010.??.??"]
[WhiteTeam "Slovakia"]
[BlackTeam "Slovakia"]
[WhiteTeamCountry "SVK"]
[BlackTeamCountry "SVK"]

1. e4 e5 2. Nf3 d6 3. d4 Nd7 4. Bc4 c6 5. O-O Be7 6. c3 Ngf6 7. Re1 O-O 8. Bb3
Qc7 9. Nbd2 c5 10. Nf1 b5 11. Ng3 Nb6 12. h3 a5 13. d5 Bd7 14. Nh2 b4 15. f4 a4
16. Bc2 Nc4 17. Bd3 Na5 18. fxe5 dxe5 19. c4 Ne8 20. Ng4 f6 21. Rf1 Nd6 22. Ne3
Nab7 23. Bd2 Be8 24. h4 Kh8 25. h5 Bd7 26. Qe2 Nd8 27. Rf2 N8f7 28. Raf1 Nh6
29. Nef5 Nhxf5 30. exf5 h6 31. Ne4 Nxe4 32. Qxe4 Bd6 33. g4 Qd8 34. g5 Rg8 35.
Kh1 Qf8 36. Rg2 Be8 37. Rfg1 hxg5 38. Bxg5 Ra7 39. Be3 Kh7 40. h6 Bh5 41. Qh4
Qe8 42. hxg7 Rgxg7 43. Be2 Rxg2 44. Rxg2 Kh8 45. Qxf6+ 1-0

[Event "SR 2. liga A 2010/2011"]
[Site "?"]
[Date "2011.03.05"]
[Round "47.5"]
[White "Lehocky, Viktor"]
[Black "Hecht, Tomas"]
[Result "1-0"]
[WhiteElo "2075"]
[BlackElo "1994"]
[PlyCount "59"]
[EventDate "2010.??.??"]
[WhiteTeam "Slovakia"]
[BlackTeam "Slovakia"]
[WhiteTeamCountry "SVK"]
[BlackTeamCountry "SVK"]

1. d4 Nf6 2. c4 e6 3. Nf3 b6 4. g3 Bb7 5. Bg2 Be7 6. Nc3 d5 7. Ne5 O-O 8. O-O
c5 9. Bg5 cxd4 10. Qxd4 Qc8 11. cxd5 Nxd5 12. Bxe7 Nxe7 13. e4 Nbc6 14. Nxc6
Nxc6 15. Qe3 Qd7 16. Rfd1 Qe7 17. Nb5 Rfd8 18. e5 Rxd1+ 19. Rxd1 Nb4 20. Bxb7
Qxb7 21. Nd6 Qd7 22. Qe4 Nd5 23. Rd4 Rd8 24. f4 b5 25. Qc2 a6 26. Qc5 f6 27. a4
bxa4 28. Qa5 Rb8 29. Qxa6 Rxb2 30. Qa8+ 1-0

[Event "SR 2. liga A 2010/2011"]
[Site "?"]
[Date "2011.03.05"]
[Round "47.6"]
[White "Hefka, Vladimir"]
[Black "Merva, Frantisek"]
[Result "0-1"]
[WhiteElo "1991"]
[BlackElo "2038"]
[PlyCount "74"]
[EventDate "2010.??.??"]
[WhiteTeam "Slovakia"]
[BlackTeam "Slovakia"]
[WhiteTeamCountry "SVK"]
[BlackTeamCountry "SVK"]

1. d4 Nf6 2. c4 g6 3. Nc3 d5 4. Nf3 Bg7 5. Qb3 dxc4 6. Qxc4 c6 7. e4 Nbd7 8.
Qb3 O-O 9. e5 Ne8 10. e6 fxe6 11. h4 Ndf6 12. Bc4 Nc7 13. Bf4 Ncd5 14. Be5 Qb6
15. Qc2 Nb4 16. Qd2 c5 17. Qe2 Bd7 18. a3 Nc6 19. O-O-O cxd4 20. Bxd4 Nxd4 21.
Nxd4 Rac8 22. Bxe6+ Bxe6 23. Qxe6+ Qxe6 24. Nxe6 Bh6+ 25. Kb1 Rf7 26. Rhe1 Ng4
27. f3 Ne3 28. Rd2 Rf6 29. Ng5 Nc4 30. Rd7 Nxa3+ 31. bxa3 Rxc3 32. Rexe7 Rb6+
33. Ka2 Rc2+ 34. Ka1 Rcb2 35. Rd8+ Bf8 36. a4 R2b4 37. Re4 Rb1+ 0-1

[Event "SR 2. liga A 2010/2011"]
[Site "?"]
[Date "2011.03.05"]
[Round "47.7"]
[White "Takacs, Laszlo"]
[Black "Kuna, Vladimir"]
[Result "1/2-1/2"]
[WhiteElo "1921"]
[BlackElo "2051"]
[PlyCount "50"]
[EventDate "2010.??.??"]
[WhiteTeam "Slovakia"]
[BlackTeam "Slovakia"]
[WhiteTeamCountry "SVK"]
[BlackTeamCountry "SVK"]

1. e4 c5 2. Nf3 d6 3. d4 cxd4 4. Nxd4 Nf6 5. Nc3 a6 6. Be2 e6 7. Be3 Qc7 8. O-O
Nbd7 9. Qd2 b5 10. f3 Bb7 11. Bd3 Be7 12. Rad1 Ne5 13. Qe2 Rc8 14. Kh1 O-O 15.
f4 Nc4 16. Bc1 Nd7 17. Rf3 Bf6 18. Nb3 Rfd8 19. Rh3 Nf8 20. Rf1 Nb6 21. Nd1 Na4
22. Ne3 Nxb2 23. Ng4 Bc3 24. Bxb2 Bxb2 25. Rff3 Ng6 1/2-1/2

[Event "SR 2. liga A 2010/2011"]
[Site "?"]
[Date "2011.03.05"]
[Round "47.8"]
[White "Janecek, Jan"]
[Black "Feher, Tibor"]
[Result "1-0"]
[WhiteElo "1963"]
[BlackElo "1805"]
[PlyCount "59"]
[EventDate "2010.??.??"]
[WhiteTeam "Slovakia"]
[BlackTeam "Slovakia"]
[WhiteTeamCountry "SVK"]
[BlackTeamCountry "SVK"]

1. d4 d5 2. Nf3 Nf6 3. e3 e6 4. c4 c6 5. Nc3 Be7 6. Bd3 dxc4 7. Bxc4 Nbd7 8.
O-O O-O 9. a3 Nb6 10. Bd3 c5 11. Qc2 cxd4 12. Nxd4 Re8 13. Rd1 Kh8 14. Nf3 Qc7
15. Qe2 a6 16. Bd2 Bd7 17. Rac1 Bc6 18. Nd4 Red8 19. Nxc6 Qxc6 20. Be1 Qe8 21.
Ne4 Rdc8 22. Nc3 Nbd5 23. Qf3 Nxc3 24. Bxc3 Qc6 25. e4 Qe8 26. Qh3 h6 27. g4
Qa4 28. g5 Ng8 29. gxh6 Nxh6 30. Qxh6+ 1-0

[Event "SR 2. liga A 2010/2011"]
[Site "?"]
[Date "2011.03.05"]
[Round "48.1"]
[White "Pagerka, Martin"]
[Black "Kovac, Andrej"]
[Result "0-1"]
[WhiteElo "2263"]
[BlackElo "2132"]
[PlyCount "82"]
[EventDate "2010.??.??"]
[WhiteTeam "Slovakia"]
[BlackTeam "Slovakia"]
[WhiteTeamCountry "SVK"]
[BlackTeamCountry "SVK"]

1. e4 e6 2. d4 d5 3. Nc3 Nf6 4. e5 Nfd7 5. f4 c5 6. Nf3 Nc6 7. Be3 a6 8. Qd2 b5
9. a3 Qa5 10. Ra2 Qb6 11. Ne2 b4 12. axb4 Nxb4 13. Ra1 a5 14. Nc3 Ba6 15. Na4
Qc7 16. Bxa6 Nxa6 17. O-O Be7 18. dxc5 Naxc5 19. Nd4 Ne4 20. Qe2 O-O 21. Ra2
Rfb8 22. Rfa1 Ndc5 23. Nxc5 Bxc5 24. c3 Qb7 25. Qd1 a4 26. Qe1 h6 27. Bc1 Bxd4+
28. cxd4 Qb4 29. Qd1 Rc8 30. h3 Rc4 31. Be3 Rb8 32. Rxa4 Qxb2 33. R4a2 Qb4 34.
Ra4 Qb2 35. R4a2 Qb3 36. Ra3 Qxd1+ 37. Rxd1 Rb2 38. Rf1 Rcc2 39. Rf3 Rxg2+ 40.
Kf1 Ng3+ 41. Rxg3 Rxg3 0-1

[Event "SR 2. liga A 2010/2011"]
[Site "?"]
[Date "2011.03.05"]
[Round "48.2"]
[White "Madar, Martin"]
[Black "Cajka, Tibor"]
[Result "0-1"]
[WhiteElo "2117"]
[BlackElo "2111"]
[PlyCount "130"]
[EventDate "2010.??.??"]
[WhiteTeam "Slovakia"]
[BlackTeam "Slovakia"]
[WhiteTeamCountry "SVK"]
[BlackTeamCountry "SVK"]

1. e4 c5 2. c3 d5 3. exd5 Nf6 4. c4 e6 5. dxe6 Bxe6 6. Nf3 Nc6 7. Be2 Be7 8.
O-O O-O 9. Nc3 Nd4 10. d3 Nxe2+ 11. Qxe2 Re8 12. Be3 Bg4 13. Rad1 Qb8 14. h3
Bh5 15. Ne4 Qc7 16. Ng3 Bg6 17. Nh4 Bd6 18. Ngf5 Be5 19. Nxg6 hxg6 20. Nh4 Nh5
21. Nf3 Bd4 22. Qd2 Ng3 23. Rfe1 Bxe3 24. fxe3 Rad8 25. b3 Nf5 26. d4 Re7 27.
d5 Nd6 28. Qd3 Ne4 29. Nd2 Nxd2 30. Rxd2 Qe5 31. e4 Rd6 32. Rde2 Red7 33. a3
Rc7 34. b4 b6 35. b5 Re7 36. a4 Rf6 37. Rd1 Rd7 38. a5 Rf4 39. Rde1 Rf6 40.
axb6 axb6 41. Ra2 Kh7 42. Rf1 Rxf1+ 43. Kxf1 Rd6 44. Kg1 Rf6 45. Rd2 Rd6 46.
Rf2 Kg8 47. Ra2 Rf6 48. Rd2 Rd6 49. Ra2 Rf6 50. Qe3 Rf4 51. Ra8+ Kh7 52. Re8
Qa1+ 53. Kh2 Rf1 54. d6 Rh1+ 55. Kg3 Qd1 56. e5 g5 57. Qxg5 Qd3+ 58. Kh4 Qd4+
59. Qg4 Qf2+ 60. g3 g6 61. d7 Qd2 62. Qxg6+ fxg6 63. d8=Q Qh6+ 64. Kg4 Qxh3+
65. Kg5 Qf5# 0-1

[Event "SR 2. liga A 2010/2011"]
[Site "?"]
[Date "2011.03.05"]
[Round "48.4"]
[White "Grich, Juraj"]
[Black "Pericka, Tomas"]
[Result "1-0"]
[WhiteElo "2027"]
[BlackElo "1966"]
[PlyCount "71"]
[EventDate "2010.??.??"]
[WhiteTeam "Slovakia"]
[BlackTeam "Slovakia"]
[WhiteTeamCountry "SVK"]
[BlackTeamCountry "SVK"]

1. d4 Nf6 2. Nc3 d5 3. Bg5 Bf5 4. e3 e6 5. Bd3 Bxd3 6. Qxd3 Be7 7. Nf3 Nbd7 8.
O-O O-O 9. Bxf6 Nxf6 10. e4 dxe4 11. Nxe4 Rc8 12. Rad1 Qd5 13. Nxf6+ Bxf6 14.
c3 Rfd8 15. Qe2 c5 16. dxc5 Qxc5 17. Rxd8+ Rxd8 18. Rd1 Rd5 19. Rxd5 Qxd5 20.
c4 Qa5 21. a3 Qb6 22. b4 Qd6 23. h3 a5 24. c5 Qf4 25. Qb5 g5 26. Qxb7 g4 27.
hxg4 Qc1+ 28. Kh2 Qf4+ 29. Kg1 Qc1+ 30. Kh2 Qf4+ 31. g3 Qxg4 32. bxa5 e5 33. a6
e4 34. a7 Qxf3 35. a8=Q+ Kg7 36. Qxe4 1-0

[Event "SR 2. liga A 2010/2011"]
[Site "?"]
[Date "2011.03.05"]
[Round "48.5"]
[White "Spacek, Oliver"]
[Black "Gettler, Daniel"]
[Result "1-0"]
[WhiteElo "1887"]
[BlackElo "2004"]
[PlyCount "69"]
[EventDate "2010.??.??"]
[WhiteTeam "Slovakia"]
[BlackTeam "Slovakia"]
[WhiteTeamCountry "SVK"]
[BlackTeamCountry "SVK"]

1. d4 f5 2. c4 Nf6 3. Nf3 g6 4. b3 Bg7 5. Bb2 O-O 6. Nbd2 c6 7. e3 Qe8 8. Bd3
d6 9. O-O Nbd7 10. e4 e5 11. Qc2 f4 12. c5 dxc5 13. dxc5 h6 14. b4 Qe7 15. Rad1
Nh5 16. Nc4 Kh7 17. Nd6 Rd8 18. Bc3 b6 19. Qa4 b5 20. Qa5 Nf8 21. a4 bxa4 22.
Qxa4 Bg4 23. Be2 Qc7 24. h3 Bxf3 25. Bxf3 Ne6 26. Rfe1 a5 27. Qb3 axb4 28. Qxb4
Qa7 29. Nb7 Rxd1 30. Rxd1 Qa3 31. Qc4 Nd4 32. Bxd4 Ra4 33. Bb2 Qb4 34. Qf7 Qxb2
35. Bxh5 1-0

[Event "SR 2. liga A 2010/2011"]
[Site "?"]
[Date "2011.03.05"]
[Round "48.6"]
[White "Sebo, Viktor"]
[Black "Jozefek, Michal"]
[Result "0-1"]
[WhiteElo "1903"]
[BlackElo "1899"]
[PlyCount "68"]
[EventDate "2010.??.??"]
[WhiteTeam "Slovakia"]
[BlackTeam "Slovakia"]
[WhiteTeamCountry "SVK"]
[BlackTeamCountry "SVK"]

1. e4 c5 2. Nf3 d6 3. d4 cxd4 4. Nxd4 Nf6 5. Nc3 Nc6 6. Bg5 e6 7. Be2 Be7 8.
O-O O-O 9. Kh1 e5 10. Nf5 Bxf5 11. exf5 h6 12. Bxf6 Bxf6 13. Nd5 Bg5 14. Bg4
Qa5 15. f6 g6 16. f4 exf4 17. h4 Bxh4 18. Rxf4 Rae8 19. Be2 Bg5 20. b4 Qd8 21.
Rf3 Re6 22. Rg3 Bxf6 23. Nf4 Re4 24. Nxg6 fxg6 25. Qd5+ Kh8 26. Qxe4 Bxa1 27.
c3 Qe8 28. Qh4 Qf7 29. Bd3 Ne5 30. Rh3 Qg7 31. Be2 g5 32. Qe4 Ng6 33. Bd3 Nf4
34. Rf3 Bxc3 0-1

[Event "SR 2. liga A 2010/2011"]
[Site "?"]
[Date "2011.03.05"]
[Round "48.7"]
[White "Diviak, Rastislav"]
[Black "Chovanec, Vladimir"]
[Result "0-1"]
[WhiteElo "2014"]
[BlackElo "2082"]
[PlyCount "56"]
[EventDate "2010.??.??"]
[WhiteTeam "Slovakia"]
[BlackTeam "Slovakia"]
[WhiteTeamCountry "SVK"]
[BlackTeamCountry "SVK"]

1. e4 e6 2. d4 d5 3. Nd2 Nf6 4. e5 Nfd7 5. Bd3 c5 6. c3 Nc6 7. Ne2 cxd4 8. cxd4
f6 9. exf6 Nxf6 10. O-O Bd6 11. Nf3 Qc7 12. Bg5 O-O 13. Bh4 Nh5 14. Qc2 h6 15.
Bg6 Rxf3 16. Bxh5 Bxh2+ 17. Kh1 Rf5 18. Bg6 Bd6 19. Bxf5 exf5 20. f3 Qf7 21.
Kg1 Qh5 22. Bg3 Nxd4 23. Nxd4 Bxg3 24. Rfd1 Bd7 25. Qb3 Re8 26. Qxd5+ Kh8 27.
Ne2 Rxe2 28. Kf1 Rf2+ 0-1

[Event "SR 2. liga A 2010/2011"]
[Site "?"]
[Date "2011.03.05"]
[Round "48.8"]
[White "Bedac, Jozef"]
[Black "Hanzluvka, Peter"]
[Result "0-1"]
[WhiteElo "1706"]
[BlackElo "1961"]
[PlyCount "66"]
[EventDate "2010.??.??"]
[WhiteTeam "Slovakia"]
[BlackTeam "Slovakia"]
[WhiteTeamCountry "SVK"]
[BlackTeamCountry "SVK"]

1. e4 c5 2. Nf3 d6 3. d4 cxd4 4. Nxd4 Nf6 5. Nc3 a6 6. f3 e6 7. Be3 Be7 8. Qd2
Qc7 9. O-O-O Nc6 10. g4 b5 11. h4 Nxd4 12. Bxd4 b4 13. Na4 O-O 14. Qxb4 d5 15.
Qc3 Qf4+ 16. Qe3 Qxe3+ 17. Bxe3 dxe4 18. Nb6 Rb8 19. g5 Nd5 20. Nxd5 exd5 21.
Rxd5 exf3 22. Bh3 f5 23. Bd4 Rb5 24. Rxb5 axb5 25. Bf1 Bd7 26. Bd3 Bd6 27. c4
Bf4+ 28. Kb1 Bc6 29. Re1 Rd8 30. Be3 Bxe3 31. Rxe3 Rxd3 32. Rxd3 Be4 33. Kc2
bxc4 0-1

[Event "SR 2. liga A 2010/2011"]
[Site "?"]
[Date "2011.03.06"]
[Round "49.1"]
[White "Kundrik, Peter"]
[Black "Bezuch, Martin"]
[Result "1-0"]
[WhiteElo "2226"]
[BlackElo "2198"]
[PlyCount "81"]
[EventDate "2010.??.??"]
[WhiteTeam "Slovakia"]
[BlackTeam "Slovakia"]
[WhiteTeamCountry "SVK"]
[BlackTeamCountry "SVK"]

1. e4 d6 2. d4 g6 3. Nc3 Bg7 4. h3 Nd7 5. Nf3 e6 6. Bg5 Ne7 7. Qd2 h6 8. Be3 a6
9. g4 b5 10. Ne2 Bb7 11. Ng3 Nf6 12. Bd3 d5 13. e5 Ne4 14. Qe2 c5 15. dxc5 Qc7
16. Bd4 Nxc5 17. O-O Nxd3 18. cxd3 Nc6 19. Qe3 O-O 20. Rac1 Rfc8 21. Bb6 Qd7
22. d4 a5 23. Nd2 a4 24. Bc5 b4 25. f4 f6 26. Kh2 Ba6 27. Rf2 Nd8 28. Rg1 Rab8
29. b3 Rb7 30. Nf3 Qe8 31. f5 fxe5 32. dxe5 exf5 33. gxf5 gxf5 34. Nxf5 Rxc5
35. Qxc5 Qe6 36. N5d4 Qf7 37. Rfg2 Qf4+ 38. Kh1 Bd3 39. Qxd5+ Kh7 40. Qxb7 Bg6
41. Rxg6 1-0

[Event "SR 2. liga A 2010/2011"]
[Site "?"]
[Date "2011.03.06"]
[Round "49.2"]
[White "Sosovicka, Juraj"]
[Black "Abel, Peter"]
[Result "1/2-1/2"]
[WhiteElo "2163"]
[BlackElo "2172"]
[PlyCount "82"]
[EventDate "2010.??.??"]
[WhiteTeam "Slovakia"]
[BlackTeam "Slovakia"]
[WhiteTeamCountry "SVK"]
[BlackTeamCountry "SVK"]

1. e4 Nf6 2. e5 Nd5 3. d4 d6 4. exd6 cxd6 5. Bc4 Nb6 6. Bb3 g6 7. a4 a5 8. Nf3
Bg7 9. O-O O-O 10. Bg5 Bg4 11. c3 d5 12. h3 Be6 13. Qe2 Nc6 14. Na3 Rc8 15. Ne1
Nc4 16. Nd3 Bf5 17. g4 Bxd3 18. Qxd3 Nxa3 19. Rxa3 Qd7 20. Raa1 e6 21. Rae1 b6
22. Qf3 Rc7 23. Kg2 Nd8 24. Bf6 Nb7 25. Qf4 Bxf6 26. Qxf6 Qd8 27. Qe5 Qd6 28.
Qf6 Qd8 29. Qe5 Qd6 30. f4 Qxe5 31. fxe5 Rb8 32. Bc2 Nd8 33. Bd3 Nc6 34. Kf3
Kg7 35. Ke3 Na7 36. Ra1 Nc6 37. Kd2 h6 38. h4 Rh8 39. Rf2 g5 40. h5 Rf8 41.
Raf1 Ne7 1/2-1/2

[Event "SR 2. liga A 2010/2011"]
[Site "?"]
[Date "2011.03.06"]
[Round "49.3"]
[White "Mihalik, Marek"]
[Black "Oprea, Erik"]
[Result "0-1"]
[WhiteElo "2080"]
[BlackElo "2116"]
[PlyCount "60"]
[EventDate "2010.??.??"]
[WhiteTeam "Slovakia"]
[BlackTeam "Slovakia"]
[WhiteTeamCountry "SVK"]
[BlackTeamCountry "SVK"]

1. d4 d6 2. e4 c6 3. Nc3 Nd7 4. Nf3 e5 5. Bc4 Be7 6. O-O Ngf6 7. a4 Qc7 8. Qe2
Nb6 9. dxe5 dxe5 10. Bb3 Bg4 11. h3 Bh5 12. Bg5 h6 13. Bd2 Rd8 14. Rad1 Nh7 15.
g4 Bg6 16. Kg2 Nd7 17. Be3 O-O 18. Qc4 Qb8 19. a5 a6 20. Ne2 Qc7 21. Bd2 Nc5
22. Ng3 Ng5 23. Nxg5 hxg5 24. Bxg5 Ne6 25. Bxe7 Qxe7 26. Ne2 Qh4 27. Rxd8 Rxd8
28. f3 Rd2 29. Rf2 Nf4+ 30. Kf1 Rd1# 0-1

[Event "SR 2. liga A 2010/2011"]
[Site "?"]
[Date "2011.03.06"]
[Round "49.4"]
[White "Ochrana, Ladislav"]
[Black "Stepanovic, Branislav"]
[Result "1-0"]
[WhiteElo "2072"]
[BlackElo "2011"]
[PlyCount "87"]
[EventDate "2010.??.??"]
[WhiteTeam "Slovakia"]
[BlackTeam "Slovakia"]
[WhiteTeamCountry "SVK"]
[BlackTeamCountry "SVK"]

1. d4 d5 2. Nf3 Nf6 3. Nbd2 Nbd7 4. c3 c5 5. Qc2 Qc7 6. e4 dxe4 7. Nxe4 cxd4 8.
Nxf6+ Nxf6 9. Bb5+ Bd7 10. Bxd7+ Qxd7 11. Nxd4 Rc8 12. Be3 e5 13. Nf3 Bd6 14.
Bxa7 e4 15. Nd2 O-O 16. Bd4 Rfe8 17. Bxf6 gxf6 18. O-O-O Qe6 19. Kb1 Ra8 20.
Qb3 Qf5 21. g4 Qxf2 22. Nxe4 Rxe4 23. Rxd6 Rxg4 24. Qd1 Rg2 25. Qc1 Qf5+ 26.
Ka1 Qa5 27. a3 Qc5 28. Rxf6 Qc4 29. Rf2 Rxf2 30. Qg1+ Kf8 31. Qxf2 Re8 32. Qf6
Re6 33. Qd8+ Kg7 34. Qg5+ Rg6 35. Qe5+ Kh6 36. Rd1 b6 37. Qe3+ Kg7 38. Rd4 Qf1+
39. Ka2 Rg1 40. Qe5+ f6 41. Rd7+ Kh6 42. Qe4 f5 43. Qh4+ Kg6 44. Rd6+ 1-0

[Event "SR 2. liga A 2010/2011"]
[Site "?"]
[Date "2011.03.06"]
[Round "49.5"]
[White "Manak, Jozef"]
[Black "Hricak, Vasil"]
[Result "0-1"]
[WhiteElo "2032"]
[BlackElo "2051"]
[PlyCount "50"]
[EventDate "2010.??.??"]
[WhiteTeam "Slovakia"]
[BlackTeam "Slovakia"]
[WhiteTeamCountry "SVK"]
[BlackTeamCountry "SVK"]

1. e4 c5 2. Nf3 Nc6 3. d4 cxd4 4. Nxd4 Nf6 5. Nc3 g6 6. Be3 Bg7 7. Be2 d6 8.
Qd2 {h3} O-O {0-0 Rc8} 9. h3 Bd7 {Rfd1 b5} 10. O-O {Nf3} a6 11. Rfd1 b5 12. a3
Qc7 13. Bf4 Rfd8 14. Bd3 Qb7 15. Bh6 Bh8 16. Qe2 Na5 17. e5 dxe5 {Nxe5 Be6} 18.
Bf4 Nd5 19. Nxd5 {Bxd5 f3} Nc4 20. Rab1 Qb6 21. Kh1 Qf6 22. Bxc4 Qxf4 {
Nxg6 hxg6 Bxd5 Be5} 23. g4 Kg7 {Bb7 Rh8 Bxc8 Rxh3+} 24. Kg1 {Rh2 Qe1 Rxc2 Qh4}
Qe3 25. Kh1 Qf3+ 0-1

[Event "SR 2. liga A 2010/2011"]
[Site "?"]
[Date "2011.03.06"]
[Round "49.6"]
[White "Prikler, Bruno"]
[Black "Manak, Adrian"]
[Result "0-1"]
[WhiteElo "1962"]
[BlackElo "1909"]
[PlyCount "60"]
[EventDate "2010.??.??"]
[WhiteTeam "Slovakia"]
[BlackTeam "Slovakia"]
[WhiteTeamCountry "SVK"]
[BlackTeamCountry "SVK"]

1. g3 d5 2. Bg2 c6 3. d3 Bg4 4. Nd2 e5 5. h3 Bh5 6. g4 Bg6 7. e4 d4 8. Nc4 h5
9. g5 h4 10. f4 Bb4+ 11. Bd2 Bxd2+ 12. Qxd2 exf4 13. Qxf4 Nd7 14. Nf3 f6 15.
Nxh4 Ne7 16. Nd6+ Kf8 17. O-O Kg8 18. gxf6 gxf6 19. e5 Nxe5 20. Nxb7 Qc7 21.
Nc5 Qd6 22. Ne4 Bxe4 23. Bxe4 Kf7 24. Bf5 Rag8+ 25. Ng2 Nxf5 26. Qxf5 Qd5 27.
Qxf6+ Ke8 28. Rf2 Rxh3 29. Re1 Re3 30. Ref1 Reg3 0-1

[Event "SR 2. liga A 2010/2011"]
[Site "?"]
[Date "2011.03.06"]
[Round "49.7"]
[White "Nemsak, Denis"]
[Black "Jurcak, Marian"]
[Result "1-0"]
[WhiteElo "1791"]
[BlackElo "1953"]
[PlyCount "126"]
[EventDate "2010.??.??"]
[WhiteTeam "Slovakia"]
[BlackTeam "Slovakia"]
[WhiteTeamCountry "SVK"]
[BlackTeamCountry "SVK"]

1. c4 e6 2. Nc3 d5 3. d4 Nf6 4. g3 Be7 5. Bg2 O-O 6. Nf3 b6 7. O-O Bb7 8. b3 c5
9. cxd5 Nxd5 10. Nxd5 Bxd5 11. Qd3 cxd4 12. Bb2 Bf6 13. Bxd4 Bxd4 14. Qxd4 Nc6
15. Qd2 Qf6 16. Rac1 Rfd8 17. Qc3 Rac8 18. Qc2 h6 19. e4 Ne7 20. Qd2 Bxe4 21.
Rxc8 Rxc8 22. Qe3 Bd5 23. Nd4 Bxg2 24. Kxg2 Nd5 25. Qe4 Rc5 26. Re1 a5 27. Nf3
Nc3 28. Qa8+ Kh7 29. Qb7 Nd5 30. Re2 Rc3 31. Ne5 Rc7 32. Qb8 Qe7 33. Nc4 Qc5
34. Ne3 Nxe3+ 35. Rxe3 b5 36. Qe8 Qd5+ 37. Kh3 Qf5+ 38. Kg2 Kg6 39. g4 Qd5+ 40.
Rf3 b4 41. h4 e5 42. Qg8 h5 43. gxh5+ Kxh5 44. Qh7+ Kg4 45. Qf5+ Kxh4 46. Kh2
Qxf3 47. Qxf3 f6 48. Qe4+ Kg5 49. Kg2 g6 50. Qd5 Ra7 51. Qc5 Ra8 52. Qc6 Ra7
53. Qb6 Rd7 54. Qxa5 Rd4 55. a3 bxa3 56. Qxa3 f5 57. Qe7+ Kg4 58. Qxe5 Rb4 59.
Qd6 Rb5 60. Qxg6+ Kf4 61. Qc6 Re5 62. Qd6 Ke4 63. f3+ Kf4 1-0